[Event "Gibtelecom 2009 Masters"]
[Site "Gibraltar ENG"]
[Date "2009.02.04"]
[Round "9.52"]
[White "Dasaolu, Adeoye"]
[Black "Bravetti, Antonio"]
[Result "0-1"]
[WhiteElo "2024"]
[BlackElo "2205"]
[PlyCount "84"]
[EventDate "2009.01.27"]
[EventType "swiss"]
[EventRounds "9"]
[EventCountry "ENG"]
[Source "lmi"]
[SourceDate "2009.01.27"]

1. Nf3 c5 2. d4 cxd4 3. Nxd4 d5 4. c4 e5 5. Nf3 d4 6. g3 Nc6 7. Bg2 Bb4+ 8.
Nfd2 Be6 9. Qa4 Qd7 10. a3 Be7 11. Ne4 h6 12. O-O f5 13. Ned2 Nf6 14. Rd1 O-O
15. Nf1 Rfd8 16. Nc3 Qc7 17. Nd5 Nxd5 18. cxd5 Bxd5 19. Bxd5+ Rxd5 20. Qc4 Qd7
21. Ne3 Rd8 22. Qxd5+ Qxd5 23. Nxd5 Rxd5 24. Bd2 a5 25. Rac1 Rb5 26. Rc2 Kf7
27. Bc1 e4 28. Kg2 Bf6 29. h3 g5 30. Rc4 Ke6 31. Rc2 Kd5 32. f3 Rb3 33. g4 f4
34. Bd2 exf3+ 35. exf3 Ne5 36. Bxa5 Rxf3 37. Be1 Rb3 38. Kf2 Nc4 39. Rdc1 b5
40. a4 d3 41. a5 dxc2 42. a6 Rxb2 0-1

[Event "Gibtelecom 2009 Masters"]
[Site "Gibraltar ENG"]
[Date "2009.02.04"]
[Round "9.53"]
[White "Skage, Oystein Aagedal"]
[Black "Van den Bersselaar, Jeroen"]
[Result "0-1"]
[WhiteElo "1925"]
[BlackElo "2191"]
[PlyCount "38"]
[EventDate "2009.01.27"]
[EventType "swiss"]
[EventRounds "9"]
[EventCountry "ENG"]
[Source "lmi"]
[SourceDate "2009.01.27"]

1. e4 e5 2. Nf3 Nc6 3. d4 exd4 4. Bc4 Nf6 5. e5 Ne4 6. Qe2 Nc5 7. c3 d3 8. Qe3
Be7 9. O-O a5 10. Nd4 O-O 11. Qg3 Bh4 12. Qf4 d6 13. exd6 cxd6 14. Be3 Ne5 15.
Nf3 Ng6 16. Qd4 Bf6 17. Bg5 Bxg5 18. Nxg5 Qxg5 19. b4 Nf4 0-1

[Event "Gibtelecom 2009 Masters"]
[Site "Gibraltar ENG"]
[Date "2009.02.04"]
[Round "9.55"]
[White "Haugstad, Espen"]
[Black "Ashton, Adam G"]
[Result "0-1"]
[WhiteElo "2114"]
[BlackElo "2321"]
[PlyCount "68"]
[EventDate "2009.01.27"]
[EventType "swiss"]
[EventRounds "9"]
[EventCountry "ENG"]
[Source "lmi"]
[SourceDate "2009.01.27"]

1. e4 e5 2. Nf3 Nc6 3. Bb5 a6 4. Ba4 Nf6 5. O-O Be7 6. Re1 b5 7. Bb3 O-O 8. c3
d5 9. exd5 Nxd5 10. Nxe5 Nxe5 11. Rxe5 c6 12. d4 Bd6 13. Re1 Qh4 14. g3 Qh3 15.
Be3 Bg4 16. Qd3 Rae8 17. Qf1 Qh5 18. Nd2 Re6 19. a4 Rfe8 20. axb5 axb5 21. Bxd5
Qxd5 22. Qg2 Qh5 23. f3 Bh3 24. Qf2 f5 25. f4 g5 26. fxg5 f4 27. gxf4 Qg4+ 28.
Qg3 Rxe3 29. Rxe3 Rxe3 30. Qxg4 Bxg4 31. Ra6 Bxf4 32. Nf1 Re1 33. Kf2 Re2+ 34.
Kg1 Bf3 0-1

[Event "Gibtelecom 2009 Masters"]
[Site "Gibraltar ENG"]
[Date "2009.02.04"]
[Round "9.57"]
[White "Vinas Guerrero, Carlos A"]
[Black "Sanchez, Louis"]
[Result "1/2-1/2"]
[WhiteElo "2104"]
[BlackElo "2263"]
[PlyCount "113"]
[EventDate "2009.01.27"]
[EventType "swiss"]
[EventRounds "9"]
[EventCountry "ENG"]
[Source "lmi"]
[SourceDate "2009.01.27"]

1. e4 c5 2. Nf3 e6 3. c3 d5 4. exd5 Qxd5 5. Na3 Nf6 6. d4 Nc6 7. Nb5 Qd8 8.
dxc5 Bxc5 9. Qxd8+ Kxd8 10. Bf4 Ne4 11. Be3 Bxe3 12. fxe3 a6 13. Nbd4 Bd7 14.
Bd3 Nd6 15. O-O f6 16. Nxc6+ Bxc6 17. Nd4 Bd7 18. Nb3 Ke7 19. c4 a5 20. Rfc1 a4
21. Nd2 b6 22. b4 axb3 23. axb3 Bc6 24. e4 Rhd8 25. Bc2 Nb7 26. Nf3 e5 27. Kf2
Nc5 28. Ke3 Na6 29. Ne1 Nb4 30. Rxa8 Rxa8 31. Nd3 Nxd3 32. Kxd3 g6 33. Ke3 Ke6
34. g4 Ra2 35. Kd3 Ra3 36. Kc3 Ra8 37. Rd1 Ke7 38. Kb2 Bd7 39. Rc1 Kd6 40. b4
Kc7 41. h3 Be6 42. Rf1 Bxc4 43. Rxf6 Rd8 44. Kc3 b5 45. h4 Ra8 46. h5 gxh5 47.
gxh5 Ra3+ 48. Kd2 Rg3 49. h6 Rh3 50. Ra6 Kc8 51. Rd6 Rf3 52. Kc1 Rf4 53. Kd2
Kc7 54. Ra6 Bf7 55. Bd3 Bg6 56. Re6 Bxe4 57. Rxe5 1/2-1/2

[Event "Gibtelecom 2009 Masters"]
[Site "Gibraltar ENG"]
[Date "2009.02.04"]
[Round "9.59"]
[White "Daoudi, Kamal"]
[Black "Collier, David O"]
[Result "0-1"]
[WhiteElo "2209"]
[BlackElo "2083"]
[PlyCount "84"]
[EventDate "2009.01.27"]
[EventType "swiss"]
[EventRounds "9"]
[EventCountry "ENG"]
[Source "lmi"]
[SourceDate "2009.01.27"]

1. e4 c6 2. d4 d5 3. Nc3 dxe4 4. Nxe4 Bf5 5. Nc5 b6 6. Nb3 e6 7. Nf3 Bd6 8. Bd3
Ne7 9. O-O Nd7 10. c4 O-O 11. Bg5 Bxd3 12. Qxd3 h6 13. Bh4 Qc7 14. Rac1 Nf5 15.
Bg3 Nxg3 16. fxg3 Rad8 17. d5 Nc5 18. Nxc5 Bxc5+ 19. Kh1 cxd5 20. cxd5 Rxd5 21.
Qe4 Qd6 22. a3 a5 23. g4 Rd8 24. h4 Rd3 25. g5 Qg3 26. Rce1 R3d4 27. Nxd4 Rxd4
28. Re3 Qxh4+ 29. Qxh4 Rxh4+ 30. Rh3 Rxh3+ 31. gxh3 hxg5 32. Kg2 f5 33. Kf3 Kf7
34. Ke2 Kf6 35. Kd3 e5 36. Kc4 f4 37. b4 axb4 38. axb4 Bd4 39. Kd5 Kf5 40. Rc1
f3 41. Rc8 Kf4 42. Rf8+ Ke3 0-1

[Event "Gibtelecom 2009 Masters"]
[Site "Gibraltar ENG"]
[Date "2009.02.04"]
[Round "9.60"]
[White "Kvisla, Johannes Luangtep"]
[Black "Fryer, David W"]
[Result "1-0"]
[WhiteElo "2208"]
[BlackElo "2080"]
[PlyCount "79"]
[EventDate "2009.01.27"]
[EventType "swiss"]
[EventRounds "9"]
[EventCountry "ENG"]
[Source "lmi"]
[SourceDate "2009.01.27"]

1. e4 e5 2. Nf3 Nc6 3. Bb5 a6 4. Ba4 Nf6 5. d3 b5 6. Bb3 Be7 7. O-O O-O 8. c3
d6 9. Re1 h6 10. Nbd2 Re8 11. Nf1 Bf8 12. a4 b4 13. a5 bxc3 14. bxc3 Bd7 15.
Ne3 g6 16. Nd5 Bg7 17. Bc4 Nxd5 18. Bxd5 Rb8 19. Be3 Rb5 20. Qd2 Nxa5 21. Qa2
Qe7 22. c4 Rbb8 23. Qxa5 c6 24. Bxf7+ Kxf7 25. Qxa6 g5 26. c5 g4 27. Nd2 d5 28.
exd5 cxd5 29. c6 Ra8 30. cxd7 Qxd7 31. Qb6 d4 32. Rxa8 Rxa8 33. Bxh6 Bf6 34.
Ne4 Bd8 35. Qb3+ Kg6 36. Bd2 Qe8 37. Qd5 Bh4 38. Qd6+ Kf7 39. g3 Bd8 40. Qh6
1-0

[Event "Gibtelecom 2009 Masters"]
[Site "Gibraltar ENG"]
[Date "2009.02.04"]
[Round "9.62"]
[White "Hagesaether, Arne"]
[Black "Lumsdon, Andrew"]
[Result "1-0"]
[WhiteElo "2184"]
[BlackElo "2051"]
[PlyCount "79"]
[EventDate "2009.01.27"]
[EventType "swiss"]
[EventRounds "9"]
[EventCountry "ENG"]
[Source "lmi"]
[SourceDate "2009.01.27"]

1. e4 c6 2. d4 d5 3. Nc3 dxe4 4. Nxe4 Nf6 5. Nxf6+ gxf6 6. c3 Bf5 7. Nf3 Qc7 8.
g3 Nd7 9. Bg2 e5 10. O-O O-O-O 11. b4 Kb8 12. a4 Be7 13. Bh6 Be6 14. a5 Rhg8
15. Qe2 Bd6 16. Rfb1 f5 17. Bg5 f6 18. Bxf6 Nxf6 19. dxe5 Ne4 20. exd6 Qxd6 21.
Rc1 Rde8 22. Qe3 Bc8 23. Qd4 Qc7 24. Ra2 Re7 25. Re2 Rd8 26. Qe3 Red7 27. Nd4
Nxc3 28. Nxc6+ bxc6 29. Qxc3 Rd1+ 30. Re1 Rxe1+ 31. Qxe1 Rd6 32. Qe8 Qd7 33.
Qe5 Bb7 34. a6 Ba8 35. b5 Kc8 36. Bf3 Re6 37. Qc3 Kc7 38. Qc5 Kc8 39. Kg2 Qe7
40. Qxf5 1-0

[Event "Gibtelecom 2009 Masters"]
[Site "Gibraltar ENG"]
[Date "2009.02.04"]
[Round "9.63"]
[White "Knight, Simon"]
[Black "Beltran Medina, Jorge"]
[Result "1-0"]
[WhiteElo "2148"]
[BlackElo "2006"]
[PlyCount "73"]
[EventDate "2009.01.27"]
[EventType "swiss"]
[EventRounds "9"]
[EventCountry "ENG"]
[Source "lmi"]
[SourceDate "2009.01.27"]

1. d4 f5 2. e4 fxe4 3. Nc3 Nf6 4. Bg5 Nc6 5. d5 Ne5 6. Qe2 c6 7. O-O-O cxd5 8.
f4 Nf7 9. Bxf6 gxf6 10. Nxd5 e6 11. Qxe4 Bh6 12. Nc3 O-O 13. g4 Qc7 14. Nh3 d5
15. Rxd5 Nd6 16. Rxd6 Qxd6 17. Bd3 f5 18. gxf5 Rxf5 19. Rg1+ Kh8 20. Qg2 Rf8
21. Ne4 Qe7 22. Kb1 Bd7 23. Nhg5 Bc6 24. Qh3 Bxe4 25. Bxe4 Bxg5 26. fxg5 Rf4
27. Bd3 Raf8 28. g6 Rh4 29. Qe3 hxg6 30. Rxg6 Rh5 31. Rxe6 Qg7 32. a3 Rxh2 33.
Rg6 Rh1+ 34. Ka2 Qf7+ 35. b3 Qf4 36. Qe7 Ra1+ 37. Kxa1 1-0

[Event "Gibtelecom 2009 Masters"]
[Site "Gibraltar ENG"]
[Date "2009.02.04"]
[Round "9.65"]
[White "Perman, Torvald"]
[Black "Samuelsson, Sven-Gunnar"]
[Result "0-1"]
[WhiteElo "2077"]
[BlackElo "2142"]
[PlyCount "102"]
[EventDate "2009.01.27"]
[EventType "swiss"]
[EventRounds "9"]
[EventCountry "ENG"]
[Source "lmi"]
[SourceDate "2009.01.27"]

1. c4 Nf6 2. g3 c6 3. Bg2 d5 4. Nf3 Bf5 5. cxd5 cxd5 6. O-O Nc6 7. d3 e6 8. Nh4
Bg4 9. h3 Bh5 10. Nc3 Bd6 11. Qa4 O-O 12. Re1 a6 13. a3 b5 14. Qb3 Nd4 15. Qd1
Rc8 16. Be3 Bc5 17. Rc1 Bb6 18. Bxd4 Bxd4 19. Qd2 Qd6 20. e3 Ba7 21. g4 Bg6 22.
Ne2 Bb6 23. Nxg6 hxg6 24. Rxc8 Rxc8 25. Rc1 Rxc1+ 26. Qxc1 Qc5 27. Qxc5 Bxc5
28. Kf1 Kf8 29. Nc3 b4 30. axb4 Bxb4 31. Na2 Ba5 32. Ke2 Ke7 33. b4 Bc7 34. f4
Kd6 35. g5 Nd7 36. Nc3 Kc6 37. h4 Bd6 38. e4 Nb6 39. exd5+ exd5 40. Na2 Bxf4
41. Kf3 Bd6 42. Ke3 Bg3 43. Nc3 Kd6 44. d4 Bxh4 45. Kf4 Be1 46. Na2 Bf2 47. Bf1
Nc4 48. Bxc4 dxc4 49. Ke4 f5+ 50. gxf6 gxf6 51. Nc3 f5+ 0-1

[Event "Gibtelecom 2009 Masters"]
[Site "Gibraltar ENG"]
[Date "2009.02.04"]
[Round "9.66"]
[White "Ribon Calabia, Mariano"]
[Black "Linqvist, Grels"]
[Result "1/2-1/2"]
[WhiteElo "1864"]
[BlackElo "2034"]
[PlyCount "132"]
[EventDate "2009.01.27"]
[EventType "swiss"]
[EventRounds "9"]
[EventCountry "ENG"]
[Source "lmi"]
[SourceDate "2009.01.27"]

1. e4 e6 2. d4 d5 3. Nc3 Bb4 4. Bd3 dxe4 5. Bxe4 Nf6 6. Bg5 h6 7. Bxf6 Qxf6 8.
Nge2 c6 9. Qd3 Nd7 10. O-O-O Qe7 11. Nf4 Bxc3 12. Qxc3 O-O 13. Kb1 Nf6 14. Bf3
Qd6 15. g3 Rd8 16. a3 Nd5 17. Nxd5 cxd5 18. Rhe1 Bd7 19. Qc5 Bc6 20. Qxd6 Rxd6
21. Rd3 Rc8 22. Rc3 Re8 23. b3 g6 24. a4 Kf8 25. Kb2 Re7 26. Rce3 Rc7 27. Bg2
Bd7 28. Rc3 Rxc3 29. Kxc3 Bc6 30. Re3 Ke7 31. Kb4 Rd8 32. h4 Kd6 33. f4 Rb8 34.
c4 dxc4 35. Bxc6 Kxc6 36. bxc4 Rd8 37. Re4 Rd6 38. Kc3 Kc7 39. Re5 a6 40. c5
Rc6 41. h5 Kd7 42. hxg6 fxg6 43. a5 Rc8 44. Kd3 Rc6 45. g4 Rc8 46. Ke4 Rh8 47.
d5 exd5+ 48. Kxd5 h5 49. f5 gxf5 50. gxh5 Rxh5 51. c6+ bxc6+ 52. Kc5 Rg5 53.
Kb6 Rg1 54. Rxf5 Rb1+ 55. Kxa6 Kd6 56. Rf6+ Kd5 57. Ka7 c5 58. Rb6 Ra1 59. a6
c4 60. Kb7 c3 61. a7 c2 62. Ra6 Rb1+ 63. Ka8 Rh1 64. Kb7 Rh8 65. Rc6 Rh7+ 66.
Kb6 Rxa7 1/2-1/2

[Event "Gibtelecom 2009 Masters"]
[Site "Gibraltar ENG"]
[Date "2009.02.04"]
[Round "9.68"]
[White "Osuna Vega, Enrique"]
[Black "Hickman, John E"]
[Result "1/2-1/2"]
[WhiteElo "2130"]
[BlackElo "2002"]
[PlyCount "111"]
[EventDate "2009.01.27"]
[EventType "swiss"]
[EventRounds "9"]
[EventCountry "ENG"]
[Source "lmi"]
[SourceDate "2009.01.27"]

1. e4 d6 2. d4 Nf6 3. Nc3 g6 4. Be3 c6 5. Qd2 Nbd7 6. O-O-O Qa5 7. f3 b5 8. Kb1
Nb6 9. Nd5 Qxd2 10. Nxf6+ exf6 11. Bxd2 Bd7 12. Bd3 Be7 13. Ne2 O-O 14. h4 h5
15. Rdg1 c5 16. c3 Rfc8 17. g4 hxg4 18. fxg4 d5 19. g5 dxe4 20. Bxe4 Bc6 21.
Bxc6 Rxc6 22. gxf6 Bxf6 23. dxc5 Rxc5 24. h5 g5 25. Nd4 Be7 26. Nf3 f6 27. Be3
Rd5 28. Bd4 Bc5 29. Rf1 Bxd4 30. Nxd4 Rf8 31. Rf5 Rxf5 32. Nxf5 Re8 33. Nd4 a6
34. Rf1 Kg7 35. b3 Nd5 36. Kb2 Nf4 37. Nf5+ Kh7 38. Rd1 Nxh5 39. c4 bxc4 40.
bxc4 Kg6 41. Nd6 Rb8+ 42. Kc3 Nf4 43. c5 Ne6 44. Kc4 Nc7 45. Re1 Rb2 46. Re7
Nb5 47. a4 Rc2+ 48. Kd3 Rxc5 49. Nxb5 axb5 50. a5 Rc6 51. Rb7 Rc4 52. Rxb5 Ra4
53. Kc3 g4 54. Kb3 Ra1 55. Kb2 Ra4 56. Kb3 1/2-1/2

[Event "Gibtelecom 2009 Masters"]
[Site "Gibraltar ENG"]
[Date "2009.02.04"]
[Round "9.69"]
[White "Tscharotschkin, Michael"]
[Black "Hamer, Martyn"]
[Result "1/2-1/2"]
[WhiteElo "2248"]
[BlackElo "2022"]
[PlyCount "103"]
[EventDate "2009.01.27"]
[EventType "swiss"]
[EventRounds "9"]
[EventCountry "ENG"]
[Source "lmi"]
[SourceDate "2009.01.27"]

1. e4 e5 2. d4 exd4 3. Nf3 Nc6 4. Bc4 Bc5 5. c3 d3 6. Qxd3 d6 7. O-O Nge7 8. b4
Bb6 9. a4 a6 10. Bg5 O-O 11. h3 h6 12. Bh4 Qe8 13. Bg3 Ng6 14. Nbd2 Nce5 15.
Nxe5 Nxe5 16. Bxe5 Qxe5 17. Bd5 Ba7 18. Kh1 Qf4 19. Bb3 Re8 20. Rae1 Be6 21. g3
Qf6 22. Kg2 Bxb3 23. Nxb3 Re7 24. Na5 c6 25. Rd1 Rd8 26. Qc4 Bb6 27. Nb3 Red7
28. a5 Ba7 29. Rd3 d5 30. exd5 Rxd5 31. Rf3 Rf5 32. Rxf5 Qxf5 33. g4 Qf6 34.
Nc5 Bxc5 35. bxc5 Rd2 36. Qb4 Qe7 37. Qf4 Ra2 38. Qb4 Qd7 39. Rb1 Qd5+ 40. Kg3
Rd2 41. Qxb7 Rd3+ 42. Kh2 Rxc3 43. Qxa6 Qxc5 44. Qe2 Rc2 45. Qe8+ Kh7 46. Rf1
Rxf2+ 47. Rxf2 Qxf2+ 48. Kh1 Qf1+ 49. Kh2 Qf4+ 50. Kg2 Qd2+ 51. Kg3 Qxa5 52.
Qxc6 1/2-1/2

[Event "Gibtelecom 2009 Masters"]
[Site "Gibraltar ENG"]
[Date "2009.02.04"]
[Round "9.70"]
[White "Pettersen, Joar Gullestad"]
[Black "Pantaleoni, Claudio"]
[Result "1/2-1/2"]
[WhiteElo "2016"]
[BlackElo "2211"]
[PlyCount "67"]
[EventDate "2009.01.27"]
[EventType "swiss"]
[EventRounds "9"]
[EventCountry "ENG"]
[Source "lmi"]
[SourceDate "2009.01.27"]

1. e4 Nf6 2. e5 Nd5 3. d4 d6 4. exd6 exd6 5. c4 Nf6 6. Nc3 Be7 7. Bd3 Nc6 8.
Nf3 Bg4 9. Be3 O-O 10. h3 Bh5 11. a3 d5 12. cxd5 Nxd5 13. Nxd5 Qxd5 14. Be2
Rad8 15. O-O Rd7 16. Qa4 Rfd8 17. Rfd1 a6 18. Rd2 Bf6 19. Rc1 Qa5 20. Qc4 Bxf3
21. Bxf3 Nxd4 22. Bxb7 Nf5 23. Rxd7 Rxd7 24. Bf4 Bxb2 25. Bxc7 Qxa3 26. Be5
Bxc1 27. Qc8+ Qf8 28. Qxd7 g6 29. Bxa6 Bh6 30. g4 Bg7 31. Bf4 Nd4 32. Bc4 Nf3+
33. Kh1 Ne5 34. Bxe5 1/2-1/2

[Event "Gibtelecom 2009 Masters"]
[Site "Gibraltar ENG"]
[Date "2009.02.04"]
[Round "9.71"]
[White "Zanetti, Bruno"]
[Black "Gavriel, Tryfon C"]
[Result "0-1"]
[WhiteElo "2008"]
[BlackElo "2161"]
[PlyCount "56"]
[EventDate "2009.01.27"]
[EventType "swiss"]
[EventRounds "9"]
[EventCountry "ENG"]
[Source "lmi"]
[SourceDate "2009.01.27"]

1. d4 Nf6 2. c4 g6 3. Nc3 Bg7 4. e4 d6 5. h3 c6 6. Nf3 a6 7. a4 a5 8. g4 h5 9.
g5 Nfd7 10. Be3 O-O 11. Qd2 Na6 12. Nh4 e5 13. Rd1 exd4 14. Bxd4 Bxd4 15. Qxd4
Qxg5 16. Nf3 Qf4 17. Ke2 Ne5 18. Bg2 Be6 19. b3 Nxf3 20. Bxf3 Nc5 21. Rb1 Rae8
22. Bxh5 Bf5 23. f3 gxh5 24. Qf6 Nxe4 25. Nxe4 Rxe4+ 26. fxe4 Bg4+ 27. hxg4
Qxf6 28. Rxh5 Re8 0-1

[Event "Gibtelecom 2009 Masters"]
[Site "Gibraltar ENG"]
[Date "2009.02.04"]
[Round "9.72"]
[White "Haug, Marianne Wold"]
[Black "Whitehead, David J"]
[Result "1/2-1/2"]
[WhiteElo "1935"]
[BlackElo "2155"]
[PlyCount "65"]
[EventDate "2009.01.27"]
[EventType "swiss"]
[EventRounds "9"]
[EventCountry "ENG"]
[Source "lmi"]
[SourceDate "2009.01.27"]

1. e4 c5 2. Nf3 Nc6 3. d4 cxd4 4. Nxd4 Nf6 5. Nc3 e5 6. Ndb5 d6 7. Bg5 a6 8.
Na3 Be6 9. Nc4 Rc8 10. Ne3 Be7 11. Be2 O-O 12. Bxf6 Bxf6 13. Ncd5 Bg5 14. O-O
g6 15. Bg4 Bxe3 16. Nxe3 f5 17. Bh3 Ne7 18. Re1 Qd7 19. Qd3 f4 20. Bxe6+ Qxe6
21. Nd5 Nxd5 22. exd5 Qf5 23. Qxf5 Rxf5 24. Rac1 Rc5 25. c4 a5 26. b3 Rf7 27.
Rc2 b5 28. f3 bxc4 29. bxc4 Rb7 30. Kf2 Rb4 31. Rec1 Kf7 32. Ke2 Kf6 33. Kd3
1/2-1/2

[Event "Gibtelecom 2009 Masters"]
[Site "Gibraltar ENG"]
[Date "2009.02.04"]
[Round "9.74"]
[White "Machin Arbelo, Pedro Alexi"]
[Black "Spanton, Tim R"]
[Result "1/2-1/2"]
[WhiteElo "2134"]
[BlackElo "2008"]
[PlyCount "92"]
[EventDate "2009.01.27"]
[EventType "swiss"]
[EventRounds "9"]
[EventCountry "ENG"]
[Source "lmi"]
[SourceDate "2009.01.27"]

1. e4 c5 2. Nf3 g6 3. c3 Bg7 4. d4 cxd4 5. cxd4 d5 6. e5 Bg4 7. Nc3 Nh6 8. Qb3
Bxf3 9. gxf3 Nc6 10. Be3 Qd7 11. Qxd5 Qxd5 12. Nxd5 O-O-O 13. Nc3 Nxd4 14.
O-O-O Nhf5 15. f4 Kb8 16. Bc4 e6 17. Bd3 h5 18. Be4 Rhe8 19. Rd2 Nxe3 20. fxe3
Nc6 21. Bxc6 bxc6 22. Rhd1 Rxd2 23. Rxd2 Kc7 24. Ne4 Re7 25. Kc2 Bf8 26. Kc3
Rd7 27. Rxd7+ Kxd7 28. Kc4 Be7 29. b4 Kc7 30. b5 Kb6 31. a4 cxb5+ 32. axb5 Kc7
33. Kd4 Kd7 34. Kd3 Ke8 35. Kc4 Kd7 36. Kb3 Bd8 37. Kc4 Bb6 38. Kd3 Ke7 39. Nd6
Bc5 40. Ne4 Bb6 41. Nf6 Bc7 42. Ke4 Bb6 43. Kd3 Bc5 44. Ne4 Bb6 45. Nd6 Bc5 46.
Nc4 Kd7 1/2-1/2

[Event "Gibtelecom 2009 Masters"]
[Site "Gibraltar ENG"]
[Date "2009.02.04"]
[Round "9.76"]
[White "Escofet Llongueras, Joan"]
[Black "Mundaca Alvarez, Juan Carlos"]
[Result "0-1"]
[WhiteElo "1889"]
[BlackElo "2105"]
[PlyCount "62"]
[EventDate "2009.01.27"]
[EventType "swiss"]
[EventRounds "9"]
[EventCountry "ENG"]
[Source "lmi"]
[SourceDate "2009.01.27"]

1. c4 e5 2. Nc3 Nc6 3. g3 Nf6 4. Bg2 Bb4 5. e3 Bxc3 6. bxc3 O-O 7. Ne2 d6 8. d4
Bf5 9. O-O Re8 10. Ba3 Rb8 11. Re1 e4 12. c5 d5 13. h3 h5 14. Nf4 g6 15. Qc2
Na5 16. Bf1 Qd7 17. Kh2 Kg7 18. Qe2 c6 19. Bg2 Nc4 20. Bc1 Rh8 21. Qf1 g5 22.
Ne2 h4 23. f4 exf3 24. Qxf3 Be4 25. Qf1 Qc7 26. Bxe4 Nxe4 27. Qf3 Rh6 28. Rg1
Rbh8 29. Kg2 Rf6 30. Qg4 Rf2+ 31. Kh1 f5 0-1

[Event "Gibtelecom 2009 Masters"]
[Site "Gibraltar ENG"]
[Date "2009.02.04"]
[Round "9.78"]
[White "Lyons, Brendan"]
[Black "Szabo, Gabor"]
[Result "1-0"]
[WhiteElo "2060"]
[BlackElo "1862"]
[PlyCount "57"]
[EventDate "2009.01.27"]
[EventType "swiss"]
[EventRounds "9"]
[EventCountry "ENG"]
[Source "lmi"]
[SourceDate "2009.01.27"]

1. Nf3 Nf6 2. g3 g6 3. Bg2 Bg7 4. O-O d6 5. d3 O-O 6. e4 Nc6 7. Qe1 e5 8. c3
Ne7 9. Nh4 c6 10. f4 exf4 11. Bxf4 Nh5 12. Bg5 f6 13. Be3 Bh8 14. Qe2 Be6 15.
Nd2 Qd7 16. Rae1 b5 17. Bf3 Ng7 18. d4 Rae8 19. g4 a5 20. a3 g5 21. Nf5 Bxf5
22. gxf5 d5 23. Bh5 dxe4 24. Bxe8 Rxe8 25. Nxe4 Ngxf5 26. Qg4 Qd5 27. Bxg5 Kf7
28. Qh5+ Ng6 29. Rxf5 1-0

[Event "Gibtelecom 2009 Masters"]
[Site "Gibraltar ENG"]
[Date "2009.02.04"]
[Round "9.79"]
[White "Pali, Gabor"]
[Black "Mozelius, Peter"]
[Result "1-0"]
[WhiteElo "2048"]
[BlackElo "1916"]
[PlyCount "121"]
[EventDate "2009.01.27"]
[EventType "swiss"]
[EventRounds "9"]
[EventCountry "ENG"]
[Source "lmi"]
[SourceDate "2009.01.27"]

1. d4 g6 2. e4 Bg7 3. f3 d6 4. c4 Nc6 5. Be3 e5 6. d5 Nce7 7. Nc3 f5 8. Bd3 f4
9. Bf2 Nf6 10. g3 Nh5 11. g4 Nf6 12. h4 h6 13. Qc2 a5 14. O-O-O b6 15. Nh3 Nd7
16. Qa4 Kf7 17. Bb1 Nc5 18. Qc2 Bd7 19. Ne2 Qe8 20. Rhe1 a4 21. Nexf4 a3 22. b3
Nc8 23. Nd3 Bf6 24. Nxc5 bxc5 25. Qe2 g5 26. hxg5 hxg5 27. Rh1 Nb6 28. Be3 Kg6
29. Rh2 Qe7 30. Rdh1 Rag8 31. Ng1 Qd8 32. Rh5 Kf7 33. R1h3 Rxh5 34. Rxh5 Rh8
35. Qh2 Qg8 36. Rxh8 Bxh8 37. Qh5+ Kf8 38. Qxg5 Qxg5 39. Bxg5 Ke8 40. Ne2 Nc8
41. Bd3 Ne7 42. Nc3 Kf7 43. Nb1 Bf6 44. Bd2 Ng6 45. Nxa3 Nf4 46. Bf1 c6 47. Nc2
Ke8 48. Ne3 Kd8 49. dxc6 Bxc6 50. Nd5 Bxd5 51. exd5 Kc7 52. Bxf4 exf4 53. Kd2
Kb6 54. Kd3 Ka5 55. Ke4 Be5 56. Kf5 Kb4 57. a4 Kc3 58. a5 Kd4 59. g5 Ke3 60.
Kg4 Kf2 61. a6 1-0

[Event "Gibtelecom 2009 Masters"]
[Site "Gibraltar ENG"]
[Date "2009.02.04"]
[Round "9.80"]
[White "Carlsen, Ellen Oen"]
[Black "Obiamiwe, Paul"]
[Result "0-1"]
[WhiteElo "1888"]
[BlackElo "2035"]
[PlyCount "74"]
[EventDate "2009.01.27"]
[EventType "swiss"]
[EventRounds "9"]
[EventCountry "ENG"]
[Source "lmi"]
[SourceDate "2009.01.27"]

1. e4 c5 2. Nf3 d6 3. d4 cxd4 4. Nxd4 Nf6 5. Nc3 a6 6. Be2 e6 7. a4 Be7 8. O-O
O-O 9. Be3 Qc7 10. Kh1 b6 11. f4 Bb7 12. Bf3 Nbd7 13. Nb3 Rac8 14. g4 Qb8 15.
g5 Rxc3 16. bxc3 Nxe4 17. Bxe4 Bxe4+ 18. Kg1 Rc8 19. Qd2 Qc7 20. Bd4 e5 21.
fxe5 dxe5 22. Qe2 Bg6 23. Rae1 Bxg5 24. Bxe5 Nxe5 25. Qxe5 Qxe5 26. Rxe5 Bf6
27. Re2 Bxc3 28. Rf3 Bf6 29. Rfe3 Kf8 30. c4 Bf5 31. Kg2 Bd7 32. a5 bxa5 33.
Nxa5 Bd8 34. Nb3 Rxc4 35. Rd3 Bc6+ 36. Kf1 Bh4 37. Rd4 Bb5 0-1

[Event "Gibtelecom 2009 Masters"]
[Site "Gibraltar ENG"]
[Date "2009.02.04"]
[Round "9.81"]
[White "Fox, Anthony"]
[Black "De Lillo, Michele"]
[Result "1-0"]
[WhiteElo "2085"]
[BlackElo "1918"]
[PlyCount "95"]
[EventDate "2009.01.27"]
[EventType "swiss"]
[EventRounds "9"]
[EventCountry "ENG"]
[Source "lmi"]
[SourceDate "2009.01.27"]

1. e4 c5 2. Nc3 Nc6 3. g3 g6 4. Bg2 Bg7 5. d3 d6 6. Be3 Rb8 7. Qd2 b5 8. Nge2
e6 9. O-O Nd4 10. Nd1 Ne7 11. Nc1 O-O 12. c3 Ndc6 13. Bh6 e5 14. Bxg7 Kxg7 15.
Ne3 Bd7 16. Ne2 Qc7 17. f4 f6 18. Rf2 b4 19. d4 bxc3 20. bxc3 cxd4 21. cxd4
exf4 22. gxf4 Rfd8 23. d5 Qa5 24. Nc3 Nb4 25. Qd4 Qc5 26. Qxc5 dxc5 27. Rd1
Rbc8 28. Bf1 c4 29. a3 Nd3 30. Bxd3 cxd3 31. Rxd3 Rc5 32. Rb2 Bc6 33. Rb4 Kf7
34. Rbd4 Be8 35. e5 fxe5 36. fxe5 Nc6 37. Re4 Ke7 38. Nc4 g5 39. d6+ Ke6 40.
Rf3 Bg6 41. Rf6+ Kd7 42. Na4 Rb5 43. e6+ Kc8 44. Re1 Na5 45. d7+ Kc7 46. Nxa5
Rxa5 47. Rc1+ Kd6 48. Rc8 1-0

[Event "Gibtelecom 2009 Masters"]
[Site "Gibraltar ENG"]
[Date "2009.02.04"]
[Round "9.82"]
[White "Gonzalez Amaya, Millan"]
[Black "Brown, Thomas"]
[Result "0-1"]
[WhiteElo "1831"]
[BlackElo "2027"]
[PlyCount "50"]
[EventDate "2009.01.27"]
[EventType "swiss"]
[EventRounds "9"]
[EventCountry "ENG"]
[Source "lmi"]
[SourceDate "2009.01.27"]

1. e4 c5 2. Nc3 g6 3. Nge2 Nc6 4. g3 Bg7 5. Bg2 Rb8 6. O-O d6 7. d3 b5 8. f4
Bd7 9. h3 e6 10. Qe1 Nge7 11. g4 O-O 12. Ng3 Nd4 13. Qd2 f5 14. Nd1 fxg4 15.
hxg4 g5 16. f5 h6 17. c3 Ndc6 18. Ne3 Be5 19. Nh5 Qe8 20. Qd1 b4 21. Nc4 bxc3
22. Nxe5 cxb2 23. Nxd7 bxa1=Q 24. Nhf6+ Rxf6 25. Nxf6+ Qxf6 0-1

[Event "Gibtelecom 2009 Masters"]
[Site "Gibraltar ENG"]
[Date "2009.02.04"]
[Round "9.83"]
[White "Webster, Richard J"]
[Black "Valhondo Morales, Ruben"]
[Result "1-0"]
[WhiteElo "1956"]
[BlackElo "1754"]
[PlyCount "71"]
[EventDate "2009.01.27"]
[EventType "swiss"]
[EventRounds "9"]
[EventCountry "ENG"]
[Source "lmi"]
[SourceDate "2009.01.27"]

1. c4 Nf6 2. g3 e6 3. Bg2 d5 4. Nf3 Be7 5. O-O O-O 6. b3 c5 7. cxd5 exd5 8. d4
Nc6 9. Bb2 Be6 10. dxc5 Bxc5 11. Nc3 Qd7 12. Nb5 Ne4 13. Nbd4 Rfd8 14. Rc1 Nxd4
15. Nxd4 Rac8 16. e3 Bh3 17. Qd3 Bxg2 18. Kxg2 a6 19. Rc2 Bf8 20. Rfc1 Rxc2 21.
Rxc2 Ng5 22. Qf5 Qxf5 23. Nxf5 Ne6 24. Nd4 Nxd4 25. Bxd4 Bd6 26. Bb6 Re8 27.
Rd2 Re5 28. f4 Re6 29. Rxd5 h5 30. Bd4 Ba3 31. Rd8+ Kh7 32. Rc8 Kg6 33. Kf3 Rc6
34. Rxc6+ bxc6 35. e4 f5 36. exf5+ 1-0